=LDR 00000nam 2200000 4500 =001 INLIS000000000039958 =005 20130612145543 =008 ***********************************ind** =035 ##$$a0010-061300000039958 =041 ##$$a ind =082 ##$$a 813 =090 ##$$a 813, Tam d =100 ##$$a Tamaro, Susanna =245 ##$$a Ascolta la mia voce, dengarlah suaraku, Susanna Tamaro =260 ##$$a 2009 $b Jakarta =300 ##$$a 208 hlm, ilus, 23 cm =850 ##$$a NBPNMAT =990 ##$$a 21196397/BPAP-NTB/2014 =990 ##$$a 21400613/BPAP-NTB/20142014 =990 ##$$a 0001/BPAP-NTB/20142014